00390nam a2200145Ia 4500003000400000005001700004008004100021040001600062082001900078100001900097245003900116260004800155300000900203650003200212GCL20240530100440.0140319s9999 xx 000 0 eng d aGCL / cGCL04a788.32193bM F1 aMORRIS, GARETH10aFLUTE TECHNIQUE / cMORRIS, GARETH a[S.N] : bOXFORD UNIVERSITY PRESS ، c1991 a69 P04aFLUTE INSTRUCTION AND STUDY